00429nam a2200133 a 450000500170000000800410001702000180005805000170007610000180009324500920011126000530020330000160025665000230027220140412111313.0010402s19uu xx 00 eng d a0-7214-1098-7 aERbSt6 1988 aStimson, Joan aStorytime for 3 year olds /cby Joan Stimson ; illustrated by John and Caroline Astrop. aLeicestershire, UK :bLadybird Books Ltd,c1988. a43p. ; ill. aChildren's stories